| 000 | 00775nam a2200253 i 4500 | ||
|---|---|---|---|
| 003 | DO-SdBNP | ||
| 005 | 20240613131107.0 | ||
| 006 | a||||gr|||| 00| 0 | ||
| 007 | ta | ||
| 008 | 240513e2023 dr a|||| |||| 00| e spa d | ||
| 020 | _a9789945187199 | ||
| 040 |
_aDO-SdBNP _bspa _cBNPHU _erda |
||
| 082 | 4 |
_222 _bP438p |
|
| 100 | 1 |
_aPérez, Karol _eautora _985449 |
|
| 245 |
_aPeldaños hacia la fe / _cKarol Pérez; prólogo, Willy Lantigua |
||
| 264 | 1 |
_a[no identificado] : _bLibertad, _c2023 |
|
| 300 |
_a215 páginas : _bilustraciones ; _c22 cm. |
||
| 336 |
_2rdacontent _atexto _btxt |
||
| 337 |
_2rdamedia _asin mediación _bn |
||
| 338 |
_2rdacarrier _avolumen _bnc |
||
| 590 | _aInventariado 2024 / MF | ||
| 700 | 1 |
_aLantigua, Willy, _eprólogo _985450 |
|
| 942 |
_2ddc _cLBS1 |
||
| 999 |
_c56643 _d56643 |
||